Handbook of Hindu mythology (Record no. 22791)

MARC details
000 -LEADER
fixed length control field 00549cam a2200181 a 4500
020 ## - INTERNATIONAL STANDARD BOOK NUMBER
ISBN 1576071065 (alk. paper)
082 00 - DEWEY DECIMAL CLASSIFICATION NUMBER
Classification number 294.513
Author Cutter WIL
100 1# - MAIN ENTRY--AUTHOR NAME
Author name Williams, George M.
245 10 - TITLE STATEMENT
Title Handbook of Hindu mythology
260 ## - PUBLICATION, DISTRIBUTION, ETC. (IMPRINT)
Place of publication Santa Barbara, Calif. :
Name of publisher ABC-CLIO,
Year of publication c2003.
300 ## - PHYSICAL DESCRIPTION
Number of Pages xx, 372 p. :
Other physical details ill. ;
650 #0 - SUBJECT ADDED ENTRY--TOPICAL TERM
Topical Term Hinduism
650 #0 - SUBJECT ADDED ENTRY--TOPICAL TERM
Topical Term Hindu mythology.
856 42 - ELECTRONIC LOCATION AND ACCESS
Uniform Resource Identifier http://www.loc.gov/catdir/description/abcclio041/2003017013.html
856 41 - ELECTRONIC LOCATION AND ACCESS
Uniform Resource Identifier http://www.loc.gov/catdir/toc/ecip047/2003017013.html
942 ## - ADDED ENTRY ELEMENTS (KOHA)
Koha item type Books
Holdings
Home library Current library Shelving location Date acquired Full call number Accession Number Koha item type
Henry Martyn Institute Library Henry Martyn Institute Library General stacks 10/24/2019 294.513 WIL 25666 Books
                   Copyright © 2026 | Henry Martyn Institute | Hyderabad | TS-500052 | INDIA | Implemented by hmi.edu.in
Hit-Count:

Powered by Koha